| 000 | 01350naa a22003497a 4500 | ||
|---|---|---|---|
| 001 | BR9400835 | ||
| 003 | BR-BrBNA | ||
| 005 | 20250721155430.0 | ||
| 007 | ta | ||
| 008 | 250630b bl.|||m| |||| 00| 0 por d | ||
| 040 |
_aBR-BrBNA _bpor _cBiblioteca Nacional de Agricultura |
||
| 041 | _a(Pt) | ||
| 072 |
_aH50 _b0170 _b0240 _b3575 |
||
| 090 | _aH50 BR9400835 | ||
| 100 | 1 | _aRocchi, C.E. de | |
| 100 | 1 | _aGandolfi, V.H. | |
| 100 | 1 | _aCunha, G.R. da | |
| 100 | 1 | _aChielle, M.C.P. | |
| 111 | 1 |
_a13. Reuniao Tecnica Anual do Sorgo _cPelotas, RS (Brazil) _d24-27 Jul 1984 |
|
| 245 | 1 | _aToxicidade do metolacloro a duas cultivares de sorgo (Sorghum bicolor (L.)Moench)e efeitos antidotais do Alfa-(1,3-dioxolan-2-yl-metoxi)-imino-benzeno acetonitrila usado como tratamento de semente | |
| 500 | _aAnais da 13. Reuniao Anual do Sorgo Pelotas, RS (Brasil): 1986. p. 79-93 [5 tables] (BR9400835-AMS) | ||
| 773 | 0 |
_tAnais da 13. Reuniao Anual do Sorgo _wH50 BR9400835 _gPelotas, RS (Brasil), 1986. p. 79-93 |
|
| 650 | _aSorgo Granifero | ||
| 650 | _aSorgo Acucareiro | ||
| 650 | _aSemente | ||
| 650 | _aToxidez | ||
| 650 | _aAntidoto | ||
| 650 | _aHerbicida | ||
| 490 |
_aDocumentos - Centro de Pesquisa Agropecuaria de Terras Baixas de Clima Temperado (Brazil) _vno. 18 |
||
| 942 |
_cAMS _2AGRIS |
||
| 909 |
_a202506 _bLúcia _c55 _dLúcia Elande |
||
| 999 |
_c336459 _d336459 |
||